000 00535nam a22001697a 4500
999 _c40655
_d40655
003 OSt
005 20200606120100.0
008 191026b ||||| |||| 00| 0 eng d
020 _a9788190520102
040 _cMESKC library
082 _a891.443
_bCHA/D
100 1 _aCaṭṭopādhyāẏa, Baṅkimacandra,
_9102
_d1838-1894
245 _aDevi Chaudhurani/
_cBankim Chandra Chatterjee
260 _aDelhi:
_bDarshan Pusthak Kendra,
_c2015
300 _a152p
942 _2ddc
_cBK
_h891.443
_iCHA/D
_k891.443
_mCHA/D